[Event "ISL-ch"]
[Site "Akureyri"]
[Date "1987.??.??"]
[Round "12"]
[White "Olafsson, Helgi"]
[Black "Stefansson, Hannes"]
[Result "1-0"]
[WhiteElo "2550"]
[BlackElo "2335"]

1.Nf3 Nf6 2.c4 e6 3.Nc3 d5 4.d4 c6 5.e3 Nbd7 6.Bd3 dxc4 7.Bxc4 b5 8.Bd3 a6
9.e4 c5 10.e5 cxd4 11.Nxb5 axb5 12.exf6 Qb6 13.fxg7 Bxg7 14.O-O Bb7 15.Re1 O-O
16.Bf4 Bd5 17.Ne5 Nxe5 18.Bxe5 f5 19.Qe2 Bxe5 20.Qxe5 Ra7 21.Bf1 Rg7 22.Rad1 f4
23.Rxd4 Qc6 24.g3 fxg3 25.hxg3 Rg6 26.Rf4 Qc5 27.Rxf8+ Qxf8 28.Rc1 Rf6 29.Qg5+ Kh8
30.Rc8 Qxc8 31.Qxf6+ Kg8 32.Qg5+ Kf7 33.Be2 Qh8 34.Bh5+ Kf8 35.Qf4+ Ke7 36.Qc7+ Kf6
37.Qf4+ Ke7 38.Qc7+ Kf6 39.f4 Qa8 40.Qf7+  1-0

[Event "OHRA-B"]
[Site "Amsterdam"]
[Date "1987.??.??"]
[Round "2"]
[White "Boersma, Paulus A"]
[Black "Beulen, Marcel"]
[Result "0-1"]
[WhiteElo "2410"]
[BlackElo "2560"]

1.Nf3 d5 2.c4 c6 3.e3 Nf6 4.Nc3 e6 5.d4 Bd6 6.Bd3 O-O 7.e4 dxe4 8.Nxe4 Nxe4
9.Bxe4 Bb4+ 10.Bd2 Bxd2+ 11.Qxd2 Nd7 12.Rd1 Qc7 13.O-O e5 14.Bf5 exd4 15.Nxd4 Nf6
16.Rfe1 Re8 17.Rxe8+ Nxe8 18.Bxc8 Qxc8 19.Nf3 Nf6 20.Qd6 h6 21.Qe7 Qe8 22.Qxb7 Rb8
23.Qxa7 Rxb2 24.Re1 Re2 25.Rb1 Qe4 26.Rb8+ Kh7 27.h3 Qxc4 28.Rf8 Rxa2 29.Qxf7 Ra1+
30.Kh2 Qf4+ 31.g3 Qxf3  0-1

[Event "OHRA-B"]
[Site "Amsterdam"]
[Date "1987.??.??"]
[Round "6"]
[White "Douven, Rudy C"]
[Black "Mednis, Edmar John"]
[Result "1/2-1/2"]
[WhiteElo "2425"]
[BlackElo "2445"]

1.d4 d5 2.c4 c6 3.Nc3 Nf6 4.e3 e6 5.Nf3 Nbd7 6.Bd3 dxc4 7.Bxc4 b5 8.Bb3 b4
9.Ne2 Bd6 10.O-O O-O 11.Nf4 c5 12.Ng5 Qe7 13.Qf3 Rb8 14.Rd1 e5 15.dxe5 Nxe5
16.Qe2 Bc7 17.Qc2 Bb7 18.Nd5 Bxd5 19.Bxd5 Rbd8 20.e4 Neg4 21.h3 Nxd5 22.exd5 Nf6
23.Be3 Bd6 24.Rac1 h6 25.Nf3 Rc8 26.Qc4 Rfd8 27.b3 Qe4 28.Nd2 Qxd5 29.Qh4 Qe5
30.Nf3 Qe4 31.Bxc5 Bxc5 32.Rxd8+ Rxd8 33.Rxc5 Qxh4 34.Nxh4 Rd1+ 35.Kh2 Ne4
36.Ra5 Rd2 37.Rxa7 Rxf2 38.Ra4 Nc3 39.Rxb4 Rxa2 40.Rb8+ Kh7 41.Rb7 Kg8 42.Nf5 Rf2
43.Ne7+ Kh7 44.b4 Rb2 45.Nc6 f5 46.Rf7 Nd5 47.Rxf5  1/2-1/2

[Event "OHRA-B"]
[Site "Amsterdam"]
[Date "1987.??.??"]
[Round "6"]
[White "De Boer, Gert Jan"]
[Black "Kuijf, Marinus"]
[Result "1/2-1/2"]
[WhiteElo "2390"]
[BlackElo "2430"]

1.d4 Nf6 2.c4 c6 3.Nc3 d5 4.Nf3 e6 5.e3 Nbd7 6.Qc2 Bd6 7.Be2 dxc4 8.Bxc4 O-O
9.O-O h6 10.Bb3 e5 11.h3 Re8 12.Bd2 Bb8 13.dxe5 Nxe5 14.Nxe5 Rxe5 15.f4 Bf5
16.Qd1 Re7 17.g4 Rd7 18.gxf5 Rxd2 19.Qf3 Rxb2 20.Rad1 Qa5 21.Ne4 Qxf5 22.Nxf6+ Qxf6
23.Rd7 Bd6 24.Bxf7+ Kh8 25.Bb3 Re8 26.Kh1 Bc5 27.e4 Rd8 28.e5 Qf8 29.Rf7 Qe8
30.Qg4 Qg8 31.Rxb7 Rdd2 32.Qg3 Bf2 33.Rxf2 Rxf2 34.Qxf2 Rxf2 35.Bxg8 Kxg8
36.Rd7 Rxf4 37.Rc7 Re4 38.Rxc6 Rxe5 39.Rc2 Re3 40.Kh2 Ra3 41.Rb2  1/2-1/2

[Event "AUT-ch"]
[Site "Austria"]
[Date "1987.??.??"]
[Round "5"]
[White "Eisterer, Heinrich"]
[Black "Steiner, Ulrich A"]
[Result "1-0"]
[WhiteElo "2340"]
[BlackElo "2290"]

1.d4 d5 2.c4 c6 3.Nc3 Nf6 4.e3 e6 5.Nf3 Nbd7 6.Bd3 Bd6 7.e4 dxe4 8.Nxe4 Nxe4
9.Bxe4 Nf6 10.Bc2 Bb4+ 11.Bd2 Bxd2+ 12.Qxd2 O-O 13.O-O Qc7 14.b4 a5 15.a3 b6
16.c5 Ba6 17.Rfc1 axb4 18.axb4 bxc5 19.bxc5 Bb5 20.h3 h6 21.Bb3 Nd5 22.Bxd5 exd5
23.Rxa8 Rxa8 24.Re1 Kf8 25.Qe3 Rd8 26.Nh4 Ba4 27.Nf5 Bc2 28.Nd6 Qd7 29.Re2 Ba4
30.Rb2 Bb5 31.Rb1 Rb8 32.Qg3 Ra8 33.Re1 f6 34.Qg6  1-0

[Event "FRG-ch"]
[Site "Bad Neuenahr"]
[Date "1987.??.??"]
[Round "?"]
[White "Muse, Mladen"]
[Black "Sehner, Norbert"]
[Result "1/2-1/2"]
[WhiteElo "2405"]
[BlackElo "2365"]

1.d4 d5 2.c4 e6 3.Nf3 c6 4.e3 Nf6 5.Nc3 Nbd7 6.Qc2 Bd6 7.Be2 O-O 8.O-O Qe7
9.h3 a6 10.e4 dxe4 11.Nxe4 Nxe4 12.Qxe4 e5 13.c5 Bc7 14.Bc4 Nf6 15.Qe2 e4
16.Bg5 Be6 17.Nd2 Rfe8 18.Rfe1 h6 19.Bxf6 Qxf6 20.Nxe4 Qxd4 21.Bd3 Ba5 22.Qe3 Red8
23.Nd6 Qxe3 24.Rxe3 Bd2 25.Re4 b6 26.Bc4 Bxc4 27.Nxc4 bxc5 28.h4 g5 29.hxg5 Bxg5
30.Kf1 Rd4 31.f3  1/2-1/2

[Event "FRG-ch"]
[Site "Bad Neuenahr"]
[Date "1987.??.??"]
[Round "?"]
[White "Schuh, Hubert"]
[Black "Sehner, Norbert"]
[Result "1/2-1/2"]
[WhiteElo "2295"]
[BlackElo "2365"]

1.d4 d5 2.c4 e6 3.Nf3 c6 4.e3 Nf6 5.Nc3 Nbd7 6.Qc2 Bd6 7.b3 O-O 8.Bb2 Re8
9.O-O-O Qe7 10.e4 dxe4 11.Nxe4 Ba3 12.Bd3 Bxb2+ 13.Kxb2 c5 14.Rhe1 Nxe4 15.Bxe4 Nf6
16.Bd3 cxd4 17.Nxd4 Rd8 18.Qc3 Qc5 19.Bc2 e5 20.Nf3 Rxd1 21.Rxd1 Bg4 22.h3 Bh5
23.g4 Bg6 24.Bxg6 hxg6 25.Nxe5 Qxf2+ 26.Rd2 Qf4 27.Qd4 Qg3 28.g5 Nh7 29.h4 Re8
30.Nd7 b6 31.Rf2 Re7 32.Rd2 Re8 33.Ka3 Qe1 34.Kb2 Qg3  1/2-1/2

[Event "Belgrade"]
[Site "Belgrade"]
[Date "1987.??.??"]
[Round "?"]
[White "Hjartarson, Johann"]
[Black "Ljubojevic, Ljubomir"]
[Result "0-1"]
[WhiteElo "2550"]
[BlackElo "2625"]

1.d4 Nf6 2.c4 e6 3.Nf3 d5 4.Nc3 c6 5.e3 Nbd7 6.Bd3 Be7 7.O-O O-O 8.e4 dxe4
9.Nxe4 b6 10.b3 c5 11.Bb2 Bb7 12.Qe2 cxd4 13.Nxd4 Nc5 14.Nxc5 Bxc5 15.Nf3 Qc7
16.Ne5 Rad8 17.Rad1 Rd6 18.Ng4 Nxg4 19.Qxg4 f6 20.Bc2 Qe7 21.Rxd6 Bxd6 22.Re1 e5
23.h4 Rd8 24.h5 Bb4 25.Re2 Qd7 26.Bf5 Qd1+ 27.Kh2 Bd2 28.Be6+ Kh8 29.Bd5 Bf4+
30.g3 f5 31.Qh4 Bxg3+ 32.Kxg3 Rxd5 33.cxd5 Qxd5 34.Qb4 Qf3+ 35.Kh4 h6 36.Re3 Qxf2+
37.Rg3 Qh2+ 38.Rh3 Qf2+ 39.Rg3 Kh7 40.Kh3 Qf1+ 41.Kh4 Qh1+ 42.Rh3 Qg1 43.Rg3 Qh2+
44.Rh3 Qxb2 45.Qc3 Qf2+  0-1

[Event "Biel"]
[Site "Biel"]
[Date "1987.??.??"]
[Round "?"]
[White "Gulko, Boris F"]
[Black "Huebner, Robert"]
[Result "1-0"]
[WhiteElo "2565"]
[BlackElo "2610"]

1.d4 Nf6 2.c4 c6 3.Nc3 d5 4.e3 e6 5.Nf3 Nbd7 6.Bd3 Bb4 7.O-O O-O 8.Qc2 Qe7
9.a3 dxc4 10.Bxc4 Bd6 11.h3 e5 12.Ba2 b6 13.Re1 Ba6 14.e4 exd4 15.Nxd4 Qe5
16.Nf3 Qh5 17.Qd1 Be5 18.Nxe5 Nxe5 19.Qxh5 Nxh5 20.Rd1 Nd3 21.b4 Rad8 22.Bg5 Rd7
23.Rd2 h6 24.Be3 Rfd8 25.Rad1 Nf6 26.Bb3 Ne5 27.f4 Rxd2 28.Rxd2 Rxd2 29.Bxd2 Nd3
30.g4 Ne8 31.Bc2 Bc4 32.Ba4 b5 33.Bc2 Nc7 34.Be3 a6 35.Kh2 f6 36.Kg3 Ne6
37.h4 g5 38.Bxd3 Bxd3 39.hxg5 hxg5 40.f5 Nc7 41.Bb6 Ne8 42.Bc5 Kf7 43.Kf3 Nc7
44.Bd6 Na8 45.Bc5 Nc7 46.Ke3 Bf1 47.Nd1 Ke8 48.Kd4 Kd7 49.Bb6 Ne8 50.e5 fxe5+
51.Kxe5 Be2 52.Nf2 Nd6 53.Kf6 Nc4 54.Bc5 a5 55.Kg7 axb4 56.axb4 Ne5 57.Bd4 Nf3
58.Bc3 c5 59.bxc5 Kc6 60.f6 Bc4 61.Nd3 b4 62.Ne5+ Nxe5 63.Bxe5 Kxc5 64.f7 Bxf7
65.Kxf7 Kd5 66.Bb2  1-0

[Event "Noviki-B"]
[Site "Budapest"]
[Date "1987.??.??"]
[Round "?"]
[White "Groszpeter, Attila"]
[Black "Hoelzl, Franz"]
[Result "0-1"]
[WhiteElo "2500"]
[BlackElo "2390"]

1.d4 d5 2.c4 e6 3.Nf3 c6 4.e3 Nf6 5.Nc3 Nbd7 6.Bd3 dxc4 7.Bxc4 b5 8.Bd3 a6
9.e4 c5 10.d5 Qc7 11.O-O c4 12.dxe6 fxe6 13.Bc2 Bc5 14.Qe2 Ne5 15.Nxe5 Qxe5
16.Kh1 O-O 17.f4 Qh5 18.Qxh5 Nxh5 19.e5 g5 20.Be4 Ra7 21.f5 Bd4 22.Bxg5 Bxe5
23.Be3 Raf7 24.Bc5 Re8 25.Rae1 Bd7 26.Bb7 Rxf5 27.Rxf5 exf5 28.Bxa6 Nf4 29.Nxb5 Bc6
30.Kg1 Nd3 31.Re2 Nxc5  0-1

[Event "Noviki-B"]
[Site "Budapest"]
[Date "1987.??.??"]
[Round "?"]
[White "Petran, Pal"]
[Black "Barbero, Gerardo F"]
[Result "0-1"]
[WhiteElo "2400"]
[BlackElo "2425"]

1.d4 d5 2.Nf3 Nf6 3.c4 e6 4.Nc3 c6 5.e3 Nbd7 6.Qc2 Bd6 7.e4 dxe4 8.Nxe4 Nxe4
9.Qxe4 e5 10.Bd2 O-O 11.O-O-O Nf6 12.Qc2 e4 13.Ng5 Bf5 14.f3 e3 15.Qxf5 exd2+
16.Kb1 g6 17.Qd3 Bf4 18.Nh3 Bh6 19.f4 Re8 20.Be2 Ne4 21.Bf3 f5 22.Bxe4 Rxe4
23.Qxd2 Bg7 24.Ng5 Rxd4 25.Qe2 Qe8 26.Qe6+ Qxe6 27.Nxe6 Rxd1+ 28.Rxd1 Bf6
29.Nc5 Re8 30.Nxb7 Re2 31.Rd6 Bxb2 32.Rxc6 Bc3 33.Nd6 Rb2+ 34.Kc1 Rxg2 35.Rc8+ Kg7
36.Rc7+ Kh6 37.Nf7+ Kh5 38.Rd7 Rxa2 39.Rd3 Bf6 40.Rh3+ Kg4 41.Rxh7 Kxf4 42.Rh6 Ra4
43.Rxg6 Rxc4+ 44.Kb1 Rc6 45.Rg1 Rb6+ 46.Kc2 Ke3 47.Rf1 f4 48.Nh6 f3 49.Ng4+ Kf4
50.h3 Bd4 51.Kd3 Rd6 52.Kc4 Bb6  0-1

[Event "Budapest"]
[Site "Budapest"]
[Date "1987.??.??"]
[Round "9"]
[White "Lukacs, Peter"]
[Black "Sehner, Norbert"]
[Result "1-0"]
[WhiteElo "2500"]
[BlackElo "2365"]

1.d4 d5 2.c4 e6 3.Nf3 c6 4.e3 Nf6 5.Nc3 Nbd7 6.Bd3 dxc4 7.Bxc4 b5 8.Bd3 a6
9.e4 c5 10.d5 c4 11.dxe6 fxe6 12.Bc2 Qc7 13.O-O Bc5 14.Qe2 Ne5 15.Nxe5 Qxe5
16.Be3 Bxe3 17.Qxe3 O-O 18.Rad1 Ng4 19.Qh3 h5 20.Qg3 Qxg3 21.hxg3 Ra7 22.Rd2 b4
23.Nd1 Rd7 24.Rxd7 Bxd7 25.f3 Ne5 26.Ne3 Bb5 27.Rd1 Rc8 28.b3 c3 29.Kf2 Kf8
30.g4 hxg4 31.f4 Nc6 32.Nxg4 Ke7 33.Ke3 a5 34.e5 Na7 35.Nf2 Bc6 36.g4 Bd5
37.f5 Nc6 38.Kf4 Rh8 39.g5 Rh2 40.f6+ Kf8 41.Rf1 Rh4+ 42.Kg3 Rd4 43.Nd3 gxf6
44.exf6 Be4 45.Ne1 Bxc2 46.Nxc2 Rd5 47.Kh4 Ne5 48.Ne3 Rd3 49.Nc4 Nxc4 50.bxc4 c2
51.Rc1 Rd2 52.c5 a4 53.g6 b3 54.axb3 axb3 55.Ra1 Rd4+ 56.Kh5 Rd5+ 57.Kh6 Ke8
58.f7+ Ke7 59.Rf1 Rf5 60.Rxf5 c1=Q+ 61.Kg7 Qc3+ 62.Kg8 exf5 63.f8=Q+ Kd7
64.Qd6+  1-0

[Event "Budel zt"]
[Site "Budel"]
[Date "1987.??.??"]
[Round "?"]
[White "Miralles, Gilles"]
[Black "Kuijf, Marinus"]
[Result "1-0"]
[WhiteElo "2450"]
[BlackElo "2470"]

1.d4 d5 2.c4 c6 3.Nf3 Nf6 4.Nc3 e6 5.e3 Nbd7 6.Bd3 Bb4 7.a3 Ba5 8.Qc2 O-O
9.Bd2 dxc4 10.Bxc4 Bc7 11.O-O h6 12.Rad1 e5 13.Ba2 Re8 14.Qb3 Qe7 15.Nh4 Nf8
16.f4 exd4 17.exd4 Be6 18.Qxb7 Bxa2 19.Nxa2 Qd7 20.Nb4 Qxd4+ 21.Kh1 Ne4 22.Qxc7 Nf2+
23.Rxf2 Qxf2 24.Nf3 Rad8 25.h3 Ne6 26.Qxc6 Nxf4 27.Ng1 Re6 28.Be3 Qh4 29.Rxd8+ Qxd8
30.Qf3 a5 31.Qxf4 axb4 32.axb4 Qd3 33.Bc5 Re1 34.Kh2 Rb1 35.Qe5 f6 36.Qc3 Qf1
37.Be3 Rd1 38.Qb3+ Kh8 39.b5 f5 40.b6 Rd7 41.b7  1-0

[Event "Buenos Aires BCA"]
[Site "Buenos Aires"]
[Date "1987.??.??"]
[Round "6"]
[White "Szmetan, Jorge"]
[Black "Paglilla, Carlos"]
[Result "1/2-1/2"]
[WhiteElo "2390"]
[BlackElo "2380"]

1.Nf3 Nf6 2.c4 c6 3.d4 d5 4.e3 e6 5.Nc3 Nbd7 6.Qc2 Be7 7.b3 O-O 8.Bd3 dxc4
9.bxc4 c5 10.d5 exd5 11.Nxd5 Nxd5 12.cxd5 Nf6 13.e4 Bg4 14.Ne5 c4 15.Nxc4 Rc8
16.Rb1 Nxd5 17.exd5 b5 18.O-O bxc4 19.Bxh7+ Kh8 20.Bf5 Bxf5 21.Qxf5 c3 22.Rb7 Rc7
23.Rxc7 Qxc7 24.Bf4 Bd6 25.Bxd6 Qxd6 26.Rc1 Rb8 27.Qxf7 Qh6 28.Re1 Qd2 29.Kf1  1/2-1/2

[Event "Camaguey-A"]
[Site "Camaguey"]
[Date "1987.??.??"]
[Round "?"]
[White "Vilela, Jose Luis"]
[Black "Kuczynski, Robert"]
[Result "1/2-1/2"]
[WhiteElo "2400"]
[BlackElo "2450"]

1.d4 d5 2.c4 c6 3.Nf3 Nf6 4.Nc3 e6 5.e3 Nbd7 6.Bd3 dxc4 7.Bxc4 b5 8.Bd3 a6
9.e4 c5 10.e5 cxd4 11.Nxb5 Nxe5 12.Nxe5 axb5 13.Bxb5+ Bd7 14.Nxd7 Qa5+ 15.Bd2 Qxb5
16.Nxf8 Kxf8 17.a4 Qxb2 18.O-O h5 19.Rb1 Qa2 20.Bf4 Kg8 21.Rb4 Nd5 22.Rxd4 Nxf4
23.Rxf4 e5 24.Re4 Rh6 25.h3 Rha6 26.Qxh5 Rxa4 27.Rxe5 Qb2 28.Rb5 Qc3 29.Qd5 Qc4
30.Qe5 Qf4 31.Qb2 g6 32.Rb3 Qd4 33.Rb8+ Rxb8 34.Qxb8+ Kg7 35.Qb3 Rb4 36.Qf3 Qe4
37.Qa3 Ra4 38.Qd6 Qd4 39.Qc7 Rc4 40.Qb8 Rc2 41.Qb7 Rd2 42.Qc6 Qd5 43.Qc3+ Qd4
44.Qc7 Qd6 45.Qc1 Qd4 46.Qe1 Qd5 47.Kh1 Qd3 48.Qe5+ Kh7 49.Kg1 Qd4 50.Qg3 Rd3
51.Qc7 Kg7 52.Re1 Rd2 53.Qg3 Rd3 54.Re3 Rd1+ 55.Kh2 Qd6 56.Qxd6 Rxd6 57.f4 Rd2
58.Kg3 Kf6 59.Kf3 Ra2 60.Rb3 Rc2 61.g4 Rh2 62.Kg3 Rh1 63.Kh4 Ra1 64.Rb6+ Kg7
65.Kg5 Ra5+ 66.f5 gxf5 67.gxf5 Ra1 68.Rb4 Rf1 69.h4 Rf2 70.Rb3 Rf1 71.Rg3 f6+
72.Kg4 Kh6 73.Rg2 Ra1 74.Kf3 Kh5 75.Rg6 Kxh4 76.Rxf6 Kg5 77.Rf8 Ra5 78.Ke4  1/2-1/2

[Event "Camaguey-A"]
[Site "Camaguey"]
[Date "1987.??.??"]
[Round "?"]
[White "Garcia Palermo, Carlos"]
[Black "Novikov, Igor A"]
[Result "1-0"]
[WhiteElo "2530"]
[BlackElo "2480"]

1.d4 Nf6 2.c4 e6 3.Nf3 d5 4.Nc3 c6 5.e3 Nbd7 6.Qc2 Bd6 7.Be2 O-O 8.O-O Qe7
9.e4 dxe4 10.Nxe4 Nxe4 11.Qxe4 f5 12.Qc2 e5 13.c5 Bc7 14.Bg5 Qe8 15.dxe5 Nxe5
16.Rfe1 Nxf3+ 17.Bxf3 Be6 18.Qe2 Bd5 19.Qd3 Be6 20.Qe3 Bd5 21.Bxd5+ cxd5
22.Qb3 Qc6 23.Red1 h6 24.Rxd5 Kh7 25.Be7 Rfe8 26.Bd6 Rad8 27.Qd3 b6 28.b4 a5
29.a3 axb4 30.axb4 Re4 31.b5 Qe8 32.g3 Re1+ 33.Rxe1 Qxe1+ 34.Kg2 Qe6 35.Rd4 bxc5
36.Bxc5 Rb8 37.Bd6 Qc8 38.Bxc7 Qxc7 39.Rd7 Qc5 40.Rd5  1-0

[Event "Copenhagen op"]
[Site "Copenhagen"]
[Date "1987.??.??"]
[Round "1"]
[White "Grooten, Herman"]
[Black "Lukacs, Peter"]
[Result "1-0"]
[WhiteElo "2340"]
[BlackElo "2500"]

1.d4 Nf6 2.Nf3 d5 3.c4 e6 4.Nc3 c6 5.e3 Nbd7 6.Bd3 dxc4 7.Bxc4 b5 8.Bb3 Bb7
9.O-O Be7 10.Re1 O-O 11.a3 a6 12.e4 c5 13.e5 Ng4 14.d5 c4 15.Bc2 Qb6 16.Qe2 Bc5
17.Rf1 f5 18.h3 Nxf2 19.Rxf2 exd5 20.b4 Bxf2+ 21.Qxf2 Qxf2+ 22.Kxf2 d4 23.Nxd4 Nxe5
24.Bf4 Ng6 25.Bd6 Rf6 26.Bh2 Re8 27.Nf3 h6 28.Rd1 Be4 29.Re1 Rfe6 30.Nd4 Rf6
31.Kg1 Bc6 32.Rxe8+ Bxe8 33.Nd5 Rf7 34.Bxf5 Nf8 35.Bc8 Ra7 36.Nc7 Bg6 37.Nc6  1-0

[Event "Dortmund op"]
[Site "Dortmund"]
[Date "1987.??.??"]
[Round "11"]
[White "Busch, Raimund"]
[Black "Fodre, Sandor"]
[Result "1-0"]
[WhiteElo "2300"]
[BlackElo "2220"]

1.Nf3 d5 2.c4 c6 3.d4 Nf6 4.e3 e6 5.Nc3 Nbd7 6.Qc2 Be7 7.Bd2 dxc4 8.Bxc4 b5
9.Bd3 a6 10.Ne4 Bb7 11.b4 Nd5 12.Nc5 Nxc5 13.bxc5 h6 14.Ne5 Bf6 15.Ng4 Be7
16.O-O Qc7 17.a4 O-O 18.f4 f5 19.Ne5 Bf6 20.g4 Bxe5 21.fxe5 fxg4 22.Be2 Qe7
23.Qg6 Rxf1+ 24.Rxf1 Rf8 25.Rxf8+ Kxf8 26.Bxg4 Bc8 27.axb5 axb5 28.e4 Nc7
29.Bh5 Qd7 30.Kf1 Ne8 31.Ba5 b4 32.Bxb4 Ba6+ 33.Kg2 Ke7 34.Qf7+ Kd8 35.Ba5+  1-0

[Event "HUN-ch op"]
[Site "Eger"]
[Date "1987.??.??"]
[Round "?"]
[White "Hradeczky, Tamas"]
[Black "Szabolcsi, Janos"]
[Result "0-1"]
[WhiteElo "2295"]
[BlackElo "2365"]

1.d4 Nf6 2.Nf3 d5 3.c4 c6 4.Nc3 e6 5.e3 Nbd7 6.Bd3 dxc4 7.Bxc4 b5 8.Bd3 a6
9.e4 c5 10.e5 cxd4 11.Nxb5 Ng4 12.Nd6+ Bxd6 13.exd6 Nc5 14.h3 Nf6 15.Be2 d3
16.Bxd3 Qxd6 17.Bb5+ Ke7 18.Qxd6+ Kxd6 19.Be2 Nd5 20.b3 a5 21.Ba3 Nb4 22.O-O Bb7
23.Rfd1+ Bd5 24.Bc4 Rhc8 25.Bxd5 exd5 26.Rd2 Ne4 27.Rd4 Rab8 28.Re1 f5 29.Rdd1 Nc3
30.Rd2 Re8 31.Rxe8 Rxe8 32.Nd4 g6 33.Rc2 Re1+ 34.Kh2 Rd1 35.Nxf5+ gxf5 36.Rxc3 Rd2
37.Bc1 Rxf2 38.a4 d4 39.Rc8 d3 40.Kg3 Rc2 41.Bf4+ Kd7 42.Ra8 Nc6 43.Kf3 Nd4+  0-1

[Event "HUN-ch op"]
[Site "Eger"]
[Date "1987.??.??"]
[Round "?"]
[White "Marasescu, Ioan"]
[Black "Kiss, Pal"]
[Result "1/2-1/2"]
[WhiteElo "2300"]
[BlackElo "2275"]

1.Nf3 Nf6 2.c4 c6 3.e3 d5 4.Nc3 e6 5.d4 Nbd7 6.Bd3 dxc4 7.Bxc4 b5 8.Bd3 a6
9.e4 c5 10.d5 c4 11.dxe6 cxd3 12.exd7+ Qxd7 13.O-O Bb7 14.Re1 Be7 15.e5 Nd5
16.Ne4 O-O 17.Qxd3 Qg4 18.Ng3 Nb4 19.Qf5 Bxf3 20.gxf3 Qd4 21.a3 Nd3 22.Re2 Rac8
23.Be3 Qc4 24.Rd1 Rfd8 25.f4 g6 26.Qe4 Qb3 27.Red2 Nxb2 28.Rxd8+ Rxd8 29.Rxd8+ Bxd8
30.Qa8 Qd1+ 31.Kg2 Nc4 32.Bc5 Qd7 33.Ne4 Qg4+ 34.Kf1 Qd1+ 35.Kg2 Qg4+ 36.Kf1  1/2-1/2

[Event "HUN-ch op"]
[Site "Eger"]
[Date "1987.??.??"]
[Round "?"]
[White "Boehm, Uwe"]
[Black "Szell, Lajos"]
[Result "1-0"]
[WhiteElo "2250"]
[BlackElo "2365"]

1.d4 Nf6 2.c4 c6 3.Nc3 d5 4.e3 e6 5.Nf3 Be7 6.Qc2 O-O 7.b3 Nbd7 8.Be2 Qc7
9.O-O e5 10.dxe5 Nxe5 11.cxd5 cxd5 12.Bb2 Bg4 13.Qd1 Bxf3 14.Bxf3 Nxf3+ 15.Qxf3 Rad8
16.Rfd1 Qa5 17.Rd4 Rd7 18.a3 Rfd8 19.Rad1 Qa6 20.b4 Qe6 21.Ne2 Ne4 22.R4d3 Bd6
23.Ng3 Be5 24.Bxe5 Qxe5 25.Rc1 Nxg3 26.hxg3 h6 27.Rd4 Rc7 28.Rxc7 Qxc7 29.Rxd5 Rxd5
30.Qxd5 Qc1+ 31.Kh2 Qxa3 32.Qxb7 Qb2 33.Qa8+ Kh7 34.Qe4+ Kg8 35.f3 Qa2 36.b5 Qa5
37.Qe8+ Kh7 38.Qxf7 Qxb5 39.Qxa7 Qh5+ 40.Kg1 Qe5 41.f4 Qc3 42.Qd4 Qc2 43.e4 Qe2
44.e5 Qe1+ 45.Kh2 h5 46.Qd8  1-0

[Event "BUL-ch"]
[Site "Elenite"]
[Date "1987.??.??"]
[Round "11"]
[White "Toshkov, Tihomir"]
[Black "Ninov, Kiril"]
[Result "0-1"]
[WhiteElo "2435"]
[BlackElo "2315"]

1.d4 d5 2.c4 c6 3.Nc3 Nf6 4.e3 e6 5.Nf3 a6 6.Bd3 dxc4 7.Bxc4 b5 8.Bb3 c5
9.O-O Bb7 10.Qe2 Nc6 11.Rd1 Qc7 12.Bd2 Be7 13.Rac1 Na5 14.dxc5 Nxb3 15.axb3 Qxc5
16.e4 Qh5 17.e5 Nd7 18.Bf4 Rd8 19.Ne4 Qf5 20.Rd4 Bxe4 21.Rxe4 Nc5 22.Rxc5 Bxc5
23.h3 h5 24.b4 Be7 25.Nd4 Qg6 26.Nc6 Rc8 27.Nxe7 Kxe7 28.Be3 Kf8 29.Bc5+ Kg8
30.Kh2 h4 31.Rg4 Qf5 32.f4 Rh6 33.Qf3 Rg6 34.Qb7 Rd8 35.Qe7 Rd2 36.Qe8+ Kh7
37.Rxh4+ Rh6 38.Rxh6+ gxh6 39.Be3 Re2 40.Bc1 Qg6 41.Qa8 Qe4 42.Qxe4+ Rxe4
43.Bd2 Rd4 44.Bc3 Rxf4 45.g4 Rf3 46.Kg2 Rd3 47.h4 Kg6 48.Be1 h5 49.gxh5+ Kxh5
50.Kf2 Rd5  0-1

[Event "Endingen MA"]
[Site "Endingen"]
[Date "1987.??.??"]
[Round "4"]
[White "Fehling, Michael"]
[Black "Werner, Clemens"]
[Result "1/2-1/2"]
[WhiteElo "2240"]
[BlackElo "2220"]

1.d4 d5 2.c4 c6 3.Nf3 Nf6 4.Nc3 e6 5.e3 Nbd7 6.Bd3 Bd6 7.O-O O-O 8.e4 dxe4
9.Nxe4 Nxe4 10.Bxe4 f5 11.Bc2 e5 12.c5 Be7 13.dxe5 Nxc5 14.Qe2 Be6 15.Rd1 Bd5
16.Nd4 Qc8 17.f3 g6 18.Be3 Rd8 19.Qf2 b6 20.Qg3 Kh8 21.h4 Ne6 22.Ne2 Rf8
23.f4 Ng7 24.Nc3 Be6 25.Qf2 Qb7 26.Rd2 Rfd8 27.Bd1 Rxd2 28.Bxd2 Rd8 29.Be3 Rd3
30.Kh2 Qc7 31.g3 Bc8 32.Be2 Rd8 33.Rc1 Bb7 34.Bf3 Qd7 35.Rd1 Qc8 36.Qe2 Ne6
37.Rxd8+ Qxd8 38.Qc4 Qd7 39.b4 Kg7 40.a3 h6 41.Ne2 Nd8  1/2-1/2

[Event "Arnold Cup"]
[Site "Gausdal"]
[Date "1987.??.??"]
[Round "?"]
[White "Akesson, Ralf"]
[Black "Haugli, Petter"]
[Result "0-1"]
[WhiteElo "2455"]
[BlackElo "2340"]

1.d4 d5 2.c4 e6 3.Nc3 c6 4.e3 Nf6 5.Nf3 Nbd7 6.Bd3 dxc4 7.Bxc4 b5 8.Bd3 a6
9.e4 c5 10.d5 e5 11.O-O c4 12.Bc2 Bd6 13.b3 b4 14.Ne2 c3 15.a3 a5 16.axb4 Bxb4
17.Ng3 O-O 18.Nh4 Nc5 19.Nhf5 Bxf5 20.Nxf5 g6 21.Ng3 Re8 22.Bg5 Qb6 23.Kh1 Ncd7
24.Qf3 Rac8 25.Rad1 Kg7 26.Ne2 h6 27.Bc1 Nc5 28.Qe3 Ng4 29.Qh3 h5 30.f3 Nf6
31.Be3 Qa6 32.Ng3 Ncd7 33.Qh4 Bc5 34.Bc1 Qb6 35.Qg5 Rh8 36.Rd3 Bf2 37.Nf5+ Kf8
38.Ne3 h4 39.Rxf2 Rh5  0-1

[Event "Arnold Cup"]
[Site "Gausdal"]
[Date "1987.??.??"]
[Round "?"]
[White "Flear, Glenn C"]
[Black "Haugli, Petter"]
[Result "1-0"]
[WhiteElo "2495"]
[BlackElo "2340"]

1.d4 d5 2.c4 e6 3.Nc3 c6 4.e3 Nf6 5.Nf3 Nbd7 6.Bd3 dxc4 7.Bxc4 b5 8.Bd3 a6
9.e4 c5 10.d5 e5 11.b3 c4 12.bxc4 Bb4 13.Bd2 bxc4 14.Bc2 O-O 15.O-O a5 16.a3 Bc5
17.Qe2 Ba6 18.a4 Qc7 19.Rab1 Bb4 20.Rfc1 Rfc8 21.Qe3 Nc5 22.Na2 Bxd2 23.Nxd2 Rab8
24.Rxb8 Rxb8 25.Qc3 Rc8 26.h3 h6 27.Kh2 Ncd7 28.Nf1 Ne8 29.Ne3 Nd6 30.Rb1 Qc5
31.Nc1 Nf6 32.Ne2 Ndxe4 33.Bxe4 Nxe4 34.Qxe5 Nf6 35.Nc3 Re8 36.Rb8 Bc8 37.Ne4 Rxe5
38.Nxc5 Re8 39.Nxc4 Nd7 40.Rb5  1-0

[Event "Dreszer mem"]
[Site "Gdynia"]
[Date "1987.??.??"]
[Round "1"]
[White "Piechocki, Franciszek"]
[Black "Jigjidsuren, Purev"]
[Result "1/2-1/2"]
[WhiteElo "2275"]
[BlackElo "2365"]

1.d4 d5 2.Nf3 Nf6 3.c4 e6 4.Nc3 c6 5.e3 Nbd7 6.Bd3 Bd6 7.O-O O-O 8.b3 Re8
9.Bb2 e5 10.dxe5 Nxe5 11.cxd5 Nxf3+ 12.gxf3 Bh3 13.Re1 Nxd5 14.f4 Bxf4 15.Bxh7+ Kxh7
16.Qh5+ Kg8 17.Nxd5 Be5 18.Bxe5 Qxd5 19.Qxh3 Rxe5 20.f4 Re6 21.Rad1 Rg6+
22.Kf2 Qa5 23.Re2 Rd8 24.Rg1 Rxg1 25.Kxg1 Qc3 26.Kf2 Qd3 27.Qg4 Qb1 28.e4 g6
29.f5 Rd1 30.fxg6 Rf1+ 31.Ke3 Qc1+ 32.Rd2 Qc5+ 33.Kd3  1/2-1/2

[Event "POL-ch sf"]
[Site "Gdynia"]
[Date "1987.??.??"]
[Round "7"]
[White "Dejkalo, Stefan"]
[Black "Czerwonski, Aleksander"]
[Result "1/2-1/2"]
[WhiteElo "2395"]
[BlackElo "2315"]

1.d4 d5 2.Nf3 Nf6 3.c4 c6 4.Nc3 e6 5.e3 Nbd7 6.Qc2 Bd6 7.Be2 O-O 8.O-O e5
9.cxd5 Nxd5 10.Nxd5 cxd5 11.dxe5 Nxe5 12.Qb3 Nxf3+ 13.Bxf3 d4 14.Rd1 dxe3
15.Bxe3 Qf6 16.Rd2 Bf4 17.Bxf4 Qxf4 18.Qc3 Rb8 19.g3 Qg5 20.Rd5 Qe7 21.Rc5 a6
22.Rc7 Qd6 23.Rd1 Qb6 24.a4 Be6 25.a5 Qb5 26.Rc5 Qa4 27.h4 h6 28.Rd6 Rfc8
29.b4 Rxc5 30.bxc5 Qc4 31.Qxc4 Bxc4 32.Rb6 Rc8 33.Bxb7 Rxc5 34.Bxa6 Bd5 35.g4 Rxa5
36.Bd3 g6 37.Rb5 Ra1+ 38.Kh2 Be6 39.f3 Ra3 40.Be4  1/2-1/2

[Event "Dreszer mem"]
[Site "Gdynia"]
[Date "1987.??.??"]
[Round "7"]
[White "Matlak, Marek"]
[Black "Piechocki, Franciszek"]
[Result "1/2-1/2"]
[WhiteElo "2390"]
[BlackElo "2275"]

1.Nf3 d5 2.d4 Nf6 3.c4 e6 4.Nc3 c6 5.e3 Be7 6.Bd3 O-O 7.O-O Nbd7 8.e4 dxe4
9.Nxe4 Nxe4 10.Bxe4 Nf6 11.Bc2 c5 12.b3 b6 13.Bb2 Bb7 14.Qe2 cxd4 15.Nxd4 Bc5
16.Rad1 Qe7 17.Qe5 Rfd8 18.Rfe1 Rd7 19.Kf1 Rad8 20.Nf5 Qf8 21.Nh6+ Kh8 22.Qxf6 gxf6
23.Bxf6+ Qg7 24.Nxf7+ Kg8 25.Bxg7 Rd2 26.Rxd2 Rxd2 27.Re2 Bxg2+ 28.Ke1 Rxe2+
29.Kxe2 Kxg7 30.Ng5 Bd6 31.h4 h6 32.Nxe6+ Kf6 33.Nd4 Ke5 34.Ke3 Bc5 35.f4+ Kf6
36.Bd1 a5 37.Bh5 Bh3 38.Ke4 Bg2+ 39.Bf3 Bh3 40.f5 Bf1 41.Kd5 Bh3 42.Ne6 Bf2
43.Nf4 Bxf5 44.Kc6 Ke5 45.Nd5 Bxh4 46.Kxb6 Bd8+ 47.Kc6 Bb1 48.a3 Bg5 49.b4 Ba2
50.c5 Bc1 51.bxa5 Bc4 52.a4 Bd2 53.Kb6 Bxd5 54.Bxd5 Kxd5 55.a6 Be3 56.Kb7 Bxc5
57.a5 Kd6 58.a7 Bxa7 59.Kxa7 Kc7 60.a6 h5 61.Ka8 h4 62.a7 h3  1/2-1/2

[Event "Bundesliga 8687"]
[Site "Germany"]
[Date "1987.??.??"]
[Round "?"]
[White "Heyken, Enno"]
[Black "Wockenfuss, Klaus"]
[Result "1/2-1/2"]
[WhiteElo "2355"]
[BlackElo "2350"]

1.d4 d5 2.c4 c6 3.Nc3 Nf6 4.e3 e6 5.Nf3 Nbd7 6.Bd3 Bb4 7.a3 Ba5 8.b4 Bc7
9.e4 dxc4 10.Bxc4 e5 11.Bg5 h6 12.Bh4 O-O 13.d5 Qe7 14.dxc6 bxc6 15.Qc2 Nb6
16.Be2 Be6 17.O-O Rfd8 18.Rac1 a5 19.b5 c5 20.Rfd1 Rxd1+ 21.Rxd1 a4 22.Nd5 Bxd5  1/2-1/2

[Event "Bundesliga 8687"]
[Site "Germany"]
[Date "1987.??.??"]
[Round "?"]
[White "Brunner, Lucas"]
[Black "Schmidt, Bodo"]
[Result "1/2-1/2"]
[WhiteElo "2395"]
[BlackElo "2340"]

1.Nf3 d5 2.d4 Nf6 3.c4 c6 4.Nc3 e6 5.e3 Nbd7 6.Qc2 Be7 7.b3 b6 8.Be2 Bb7
9.O-O O-O 10.Bb2 c5 11.cxd5 Nxd5 12.Rfd1 Nb4 13.Qd2 Nf6 14.Rac1 Qb8 15.a3 Nc6
16.dxc5 Rd8 17.Qc2 Rxd1+ 18.Rxd1 Bxc5 19.Bd3 h6 20.Ne4 Nxe4 21.Bxe4 Qe8 22.Ne5 Rd8
23.b4 Rxd1+ 24.Qxd1 Bf8 25.Qc2 Nxe5 26.Bxb7 Qb8 27.Ba6 Qd6 28.h3 Qc6 29.Qxc6 Nxc6
30.Bb5 Ne7 31.Kf1 Nc8 32.Ba6 Nd6 33.Ke2 f6 34.Kd3 Kf7 35.e4 e5 36.g3 g5 37.Bc1 Ke7
38.f4 Kd7 39.fxg5 fxg5 40.Ke3 b5 41.Kd3 Kc6 42.Be3 Nc4 43.Bxa7 Nxa3 44.Bb8 Nc4
45.Kc3 Bd6 46.Ba7 Bc7 47.Bc8 Bb6 48.Bb8 Bc7 49.Ba7 Bb6  1/2-1/2